| 000 | 00635nam a2200169 4500 | ||
|---|---|---|---|
| 008 | 050510s2000 ch chi | ||
| 020 | _a9573064502 :NT280/252/Php447.05 | ||
| 090 |
_aBS600.2 _bW18f |
||
| 100 | 0 | _aWang, Tzuan-Sheng | |
| 245 | 1 | 0 |
_aThe flow of living water - Bible study, exposition, and preaching {ch}/ _cTzuan-Sheng Wang. |
| 260 |
_aJi-Lung, Taiwan: _b College of Christian Training, _c2000. |
||
| 300 | _a262 p. | ||
| 650 | 4 |
_aBible _xStudy and teaching {ch}. |
|
| 650 | 4 | _aDevotional literature {ch}. | |
| 650 | 4 | _aEvangelistic work {ch}. | |
| 951 |
_pC-6238 _x00031008 _oBS600.2/W18f _j070613111501968 _d2000-12-21 _cCH |
||
| 999 |
_c23721 _d23721 |
||